ბათუმის შოთა რუსთაველის სახელმწიფო უნივერსიტეტის ბიბლიოთეკა

ქართული ეროვნული იდენტობა : (ბიბ.ჩანაწერი № 53493)

000 -ლიდერი
ფიქსირებული სიგრძის საკონტროლო ველი 02017nam a2200313Ia 4500
001 - საკონტროლო ნომერი
საკონტროლო ველი 20539
003 - საკონტროლო ნომრის იდენტიფიკატორი
საკონტროლო ველი GE_BSU
005 - ბოლო ოპერაციის თარიღი და დრო
საკონტროლო ველი 20210120223056.0
008 - ფიქსირებული სიგრძის მონაცემთა ელემენტები - ზოგადი ინფორმაცია
ფიქსირებული სიგრძის საკონტროლო ველი 181216s2016||||ge |||||||||||||| ||geo||
020 ## - წიგნის საერთაშორისო სტანდარტული ნომერი
International Standard Book Number 9789941457593
040 ## - კატალოგიზაციის წყარო
Transcribing agency GE_BSU
041 ## - ენის კოდი
Language code of text/sound track or separate title geo
080 ## - უნივერსალური ათობითი კლასიფიკაციის ინდექსი
Universal Decimal Classification number 323.1(479.22) ქ-27
245 ## - ცნობა სათაურის შესახებ
Title ქართული ეროვნული იდენტობა :
Remainder of title კონფლიქტი და ინტეგრაცია /
Statement of responsibility, etc ავტორები : დიანა ბოგიშვილი, ირინა ოსეფაშვილი, ელენე გავაშელიშვილი, ნინო გუგუშვილი ; რედაქტორი ავთანდილ ბესელია ; ყდის დიზაინი გიორგი ბაგრატიონი.
250 ## - გამოცემის ცნობა
Edition statement სოციალურ მეცნიერებათა ცენტრი
264 ## - წარმოების, გამოცემის, დისტრიბუციის და სხვა ცნობები
გამოცემის, წარმოების, დისტრიბუციის... ადგილი თბილისი :
გამოცემის, წარმოების, დისტრიბუციის... სახელწოდება ნეკერი,
გამოცემის, წარმოების, დისტრიბუციის... თარიღი 2016.
300 ## - ფიზიკური აღწერა
Extent 394 გვ. :
Other physical details დიაგრ. ;
Dimensions 20 სმ.
504 ## - BIBLIOGRAPHY, ETC. NOTE
Bibliography, etc ბიბლიოგრ. : გვ. 360-369
653 ## - INDEX TERM--UNCONTROLLED
Uncontrolled term პოლიტიკა
653 ## - INDEX TERM--UNCONTROLLED
Uncontrolled term ქართული ეროვნული იდენტობა
653 ## - INDEX TERM--UNCONTROLLED
Uncontrolled term კონფლიქტი და ინტეგრაცია
700 ## - ADDED ENTRY--PERSONAL NAME
Personal name ბოგიშვილი, დიანა
Relator term ავტორი
9 (RLIN) 10061
700 ## - ADDED ENTRY--PERSONAL NAME
Personal name ოსეფაშვილი, ირინა
Relator term ავტორი
9 (RLIN) 10062
700 ## - ADDED ENTRY--PERSONAL NAME
Personal name გავაშელიშვილი, ელენე
Relator term ავტორი
9 (RLIN) 10063
700 ## - ADDED ENTRY--PERSONAL NAME
Personal name გუგუშვილი, ნინო
Relator term ავტორი
9 (RLIN) 10064
700 ## - ADDED ENTRY--PERSONAL NAME
Personal name ბესელია, ავთანდილ
Relator term რედაქტორი
9 (RLIN) 10065
700 ## - ADDED ENTRY--PERSONAL NAME
Personal name ბაგრატიონი, გიორგი
Relator term ყდის დიზაინი
9 (RLIN) 5945
942 ## - ADDED ENTRY ELEMENTS (KOHA)
Koha item type წიგნი
Source of classification or shelving scheme
ეგზემპლარები
ჩამოწერის სტატუსი დაკარგული ეგზემპლარის სტატუსი კლასიფიკაციის წყარო ან თაროზე გაწყობის სქემა დაზიანების სტატუსი არ გაიცემა მუდმივი მდებარეობა (დაცვის ადგილი) ამჟამინდელი ადგილსამყოფელი თაროზე განთავსების ადგილი შეძენის თარიღი სრული შენახვის შიფრი შტრიხკოდი ბოლო ოპერაციის თარიღი ეგზემპლარის მიმდევრობითი ნომერი (კეტერი?) ფასის ძალაში შესვლის თარიღი ეგზემპლარის სახეობა
          ბათუმის შოთა რუსთაველის სახელმწიფო უნივერსიტეტის მთავარი ბიბლიოთეკა ბათუმის შოთა რუსთაველის სახელმწიფო უნივერსიტეტის მთავარი ბიბლიოთეკა წიგნსაცავი 2018-12-17 323.1(479.22) ქ-27 53564 2018-12-17 53564 2018-12-17 წიგნი